Регионална библиотека "Любен Каравелов" - Русе

Трупът на Гедеон (Запис номер 144710)

MARC детайли
000 -Лидер
Контролно поле с фиксирана дължина 01539nam a2200361 c 4500
003 - Код на организацията, давaща контролен номер
Контролно поле BLK
005 - Дата и час на последна редакция
Контролно поле 20231103005157.0
008 - Елементи от данни с фиксирана дължина
fixed length control field 180410b bul|||||r ||||||| ||bul||
010 ## - Наследен системен номер
LC control number KNG00150870000
020 ## - Международен стандартен номер на книга ISBN
Международен стандартен номер на книга ISBN 978-954-655-290-7
-- издат.: Бард
040 ## - Източник на каталожния запис
Идентификатор на билиотеката - собственик на записа BLK
041 ## - Код за език
Код за езика на текст/звукозапис или на отделно заглавие Български
Код за езика КДБФ Български
072 #7 - Код за тематичната категория
Код организация bullib
Код за тематична категория Н83
Текст Чужда художествена литература Н
080 ## - УДК
Текстов определител УДК Американска литература (на САЩ)
УДК код - определител по УДК 821.111(73)
УДК определител -312.4
УДК - код + определител 821.111(73)-312.4
100 1# - Редна дума - Автор
Автор Престън, Дъглас
Авторска отговорност първи автор
R(LIN) 270440
139 ## - Редно поле
Редна дума Престън, Дъглас и др.
Авторски знак Пред - П 86
245 10 - Сведения за заглавието
Заглавие Трупът на Гедеон
Подзаглавни данни Роман
Редно поле (дума) Дъглас Престън; съавт. Линкълн Чайлд; прев. от англ. Венцислав Божидаров Божилов.
257 ## - Страна на издаване
Страна на създаване/издаване Съединени американски щати
260 ## - Област на издателските данни
-- София
Име на издателя, разпространителя и проч. Бард
Година на издаване 2012
Печатница Хасково : Полиграфюг
300 ## - Физическа характеристика
Страници 412 с.
Размери/Мащаб 20 см
380 ## - Жанр
Жанр Худож. лит.
490 1# - СЕРИИ (Колекции)
Име на серия Кралете на трилъра
500 ## - Общи забележки
Забележка Ориг. загл.: Gideon's corpse / Douglas Preston, Lincoln Child.
659 ## - Тематичен бюлетин
Тематичен бюлетин Н
700 1# - Други автори (авторска отговорност)
Лично име Чайлд, Линкълн
Автороска отговорност (Описва отношението между автора и произведението) съавт.
9 (RLIN) 371313
700 ## - Други автори (авторска отговорност)
Лично име Божилов, Венцислав Божидаров
Звания и думи, свързани с автора Теодосиев, Стефан, 1968- (псевдоним)
Дати, свързани с автора 1968-
9 (RLIN) 367877
852 ## - Местоположение
Форматна сигнатура Цб 264869
856 4# - Електронен адрес и достъп
Електронен формат pdf - файл
Път до файла /url/
856 4# - Електронен адрес и достъп
Електронен формат pdf - файл
Път до файла /url/
942 ## - АРТИКУЛИ
Вид на библиотечния материал Книги
Скрит в OPAC Не
944 ## - СЪЗДАВАНЕ И РЕДАКЦИЯ на ЗАПИСА
Създаване/Редакция Създаване
Дата на регистрацията/редакция 26.09.2013
Служител, извършил регистрацията/редакцията
Статус, дата на статуса CRON CRON
944 ## - СЪЗДАВАНЕ И РЕДАКЦИЯ на ЗАПИСА
Създаване/Редакция Редакция
Дата на регистрацията/редакция 25.03.2014
Служител, извършил регистрацията/редакцията
999 ## - СИСТЕМНИ КОНТРОЛНИ НОМЕРА
Koha biblionumber 144710
Koha biblioitemnumber 144710
Наличности
Код за отписване Код за изгубен артикул Код за повреда Коз за рестрикции Код за отдаване Артикулен № Име на библиотеката - собственик Име на библиотеката, в която се намира в момента Статус (Текущо местоположение) Дата на вписване в системата Местоположение - отдел Цена в лева Инвентарен номер Систематично азбучна сигнатура Баркод Номер на екземпляра Цена в евро Служебна бележка Служебен тип на артикула
  Не е изгубен Не е повреден без рестрикции ползва се в читалня 240264 Регионална библиотека "Любен Каравелов" Русе Регионална библиотека "Любен Каравелов" Русе Хранилище 2013-09-27 Хранилище 13.99 120000769801 Цб 264869 120000769801 1 7.15 Дост: Dp Вид: Д N: 27 Дата: 03.07.2012 Книги
Vip Innovations Ltd, Rousse, Bulgaria 2025